Sin novedad en el frente (Registro nro. 60066)

Detalles MARC
000 -ENCABEZADO
Número de control [NR] 01851nam a2200325Ia 4500
008 - DE LONGITUD FIJA DE DATOS DE ELEMENTOS - INFORMACIÓN GENERAL
Elementos de longitud fija [NR] 130821s1930 xx a gs spa
040 ## - FUENTE DE CATALOGACION [NR]
Agencia de catalogación original [NR] Co-BoUCM
Idioma de catalogación [NR] spa
041 00 - CODIGO DE IDIOMA [R]
Código de idioma para texto/pista de sonido o título separado [R] Español
092 ## - SIGNATURA TOPOGRAFICA LOCAL
Número de clasificación local DVD 0415
245 00 - MENCION DE TITULO [NR]
Título [NR] Sin novedad en el frente
Mención de responsabilidad, etc. [NR] [DVD]
260 ## - PUBLICACION, DISTRIBUCION, ETC. (PIE DE IMPRENTA) [R]
Lugar de publicación, distribución, etc. [R] [Lugar desconocido]
Nombre del editor, distribuidor, etc. [R] Universal Pictures
Fecha de publicación, distribución, etc. [R] 1930
300 ## - DESCRIPCION FISICA [R]
Extensión [R] 1 DVD
Otros detalles físicos [NR] son. byn
490 ## - MENCION DE SERIE [R]
Mención de serie [R] El Mejor Cine
500 ## - NOTA GENERAL [R]
Nota general [NR] Basada en la novela "Sin novedad en el frente", Erich Maria Remarque.
500 ## - NOTA GENERAL [R]
Nota general [NR] SINOPSIS: Mítica película antibélica que plasma los sentimientos, sensaciones y desilusiones de un grupo de jóvenes soldados que van a entrar en combate en la Primera Guerra Mundial.
508 ## - NOTA DE CREDITOS DE CREACION/PRODUCCION [R]
Nota de créditos de creación/producción [NR] Director, Lewis Milestone; Fotografía: Arthur Edeson y Karl Freund; Guión: George Abbott, Del Andrews, Maxwell Anderson (Novela: Erich Maria Remarque); Música, David Broekman; Música: Sam Perry, Heinz Roemheld y David Broekman; Producción, Carl Laemmle.
511 ## - NOTA DE PARTICIPANTE O INTERPRETE [R]
Nota de participante o intérprete [NR] Louis Wolheim, Lew Ayres, John Wray, Arnold Lucy, Ben Alexander, Scott Kolk, Owen Davis Jr., Walter Browne Rogers Slim Summerville, Russell Gleason, William Bakewell, Richard Alexander, Harold Goodwin, Pat Collins.
546 ## - NOTA DE IDIOMA [R]
Nota de idioma [NR] Audio en Inglés. Subtítulos en Español.
630 ## - ASIENTO SECUNDARIO DE MATERIA - TITULO UNIFORME [R]
Título uniforme [NR] Sin novedad en el frente
Subdivisión de forma [R] Versiones cinematográficas
-- DVD
9 (RLIN) 4878
650 04 - ASIENTO SECUNDARIO DE MATERIA - TERMINO TEMATICO [R]
Término temático o nombre geográfico como elemento de entrada [NR] Literatura estadounidense
9 (RLIN) 18653
650 04 - ASIENTO SECUNDARIO DE MATERIA - TERMINO TEMATICO [R]
Término temático o nombre geográfico como elemento de entrada [NR] Películas cinematográficas de guerra
Subdivisión de forma [R] Aspectos sociales
-- DVD
9 (RLIN) 21232
650 04 - ASIENTO SECUNDARIO DE MATERIA - TERMINO TEMATICO [R]
Término temático o nombre geográfico como elemento de entrada [NR] Películas cinematográficas
Subdivisión geográfica [R] Estados Unidos
Subdivisión de forma [R] DVD
9 (RLIN) 7903
650 04 - ASIENTO SECUNDARIO DE MATERIA - TERMINO TEMATICO [R]
Término temático o nombre geográfico como elemento de entrada [NR] Sociología
9 (RLIN) 386
700 ## - ASIENTO SECUNDARIO - NOMBRE PERSONAL [R]
Nombre personal [NR] Remarque, Erich Maria
Fechas asociadas con el nombre [NR] 1898-1970
700 1# - ASIENTO SECUNDARIO - NOMBRE PERSONAL [R]
Nombre personal [NR] Milestone, Lewis
Fechas asociadas con el nombre [NR] 1895-1980
Término de relación [R]
710 2# - ASIENTO SECUNDARIO - NOMBRE CORPORATIVO [R]
Nombre corporativo o de jurisdicción como elemento de entrada [NR] Universal Pictures
765 ## - ASIENTO DE IDIOMA ORIGINAL [R]
Asiento principal [NR] All quiet on the western front
856 04 - LOCALIZACION Y ACCESO ELECTRONICOS [R]
Identificador Uniforme del Recurso (“URI”) [R] <a href="http://www.youtube.com/watch?v=aiObc2XmVqw">http://www.youtube.com/watch?v=aiObc2XmVqw</a>
Nota dirigida al público [R] Siga este vínculo para ver el trailer.
942 ## - ELEMENTOS DE ENTRADA AGREGADOS (KOHA)
Tipo de ítem principal el descrito en 300a Multimedia
Sistema de clasificación LOCAL
Tema principal Sociología
Edición 1
Existencias
Fecha de último préstamo Código de barras Última vez visto Volúmen / Fascículo Ejemplar Price effective from Tipo de ítem Perdido Sistema de clasificación Dañado No prestable Tipo de ítem específico Suprimido Ubicación habitual Ubicación actual Localización Fecha de creación Forma de adquisición Costo Total préstamos Total Renewals
07/05/2012 100094568 03/12/2025 DVD 0415 Ej.1 03/02/2013 Multimedia   LOCAL   Préstamo restringido DVD   Procesos Técnicos Procesos Técnicos (no para préstamo) Procesos Técnicos 19/02/2013 Compra 12900.00    
19/09/2019 100097355 12/12/2025 DVD 0415 Ej.2 03/02/2013 Multimedia   DEWEY     DVD   Quinta de Mutis Quinta de Mutis Colección digital 19/02/2013 Donación 26000.00 20 3